000 01683nam a2200385 i 4500
001 000007990
003 DO-SdBNP
005 20260129130937.0
007 ta
008 090914s1996 dr ad 001 0 spa d
020 _a8489548137
040 _aDO-SdBNP
_bspa
_cBNPHU
_erda
041 _aspa
082 4 _a338.17371
_bB338c
_222
100 1 _aBaud, Michiel,
_eautor
_4aut.
_917701
240 1 3 _aPeasants and tabacco in the Dominican Republic, 1870-1930
_lEspañol
245 1 4 _aLos cosecheros de tabaco :
_bla transformación social de la sociedad cibaeña 1870 - 1930 /
_cMichiel Baud ; traducción, Pilar de Soto Rainieri.
264 4 _aSantiago de los Caballeros, República Dominicana :
_bCentro de Estudios Urbanos y Regionales;
_bPontifía Universidad Católica Madre y Maestra,
_c©1996.
300 _a303 páginas :
_bilustraciones, mapas ;
_c21 cm.
336 _atexto
_btxt
_2rdacontent
337 _asin mediación
_bn
_2rdamedia
338 _avolumen
_bnc
_2rdacarrier
490 1 _aEstudios
_v179
500 _aIncluye índice
500 _aIncluye referencias bibliográficas y notas
504 _aBibliografía : páginas 285 -298
534 _pTitulo original :
_tPeasants and tabacco in the Dominican Republic, 1870-1930
590 _aInventariado, 2018/DG
650 4 _aIndustria de tabaco
_zRepública Dominicana, Valle Del Cibao
_xHistoria
_y1870-1930
_921841
650 4 _aCampesinos
_zRepública Dominicana, Valle Del Cibao
_xHistoria
_y1870-1930
_921842
700 1 _aSoto Rainieri, Pilar de,
_etraductor
_4tr.
_921843
710 2 _aPontificia Universidad Católica Madre y Maestra
_9843
910 _aValidado. Control de calidad MFF
942 _2ddc
_cLBS1
999 _c7767
_d7767